[Event "PokerStars Masters 2nd"]
[Site "Douglas"]
[Date "2015.10.05"]
[Round "3.14"]
[White "Tan, Justin"]
[Black "Donchenko, Alexander"]
[Result "1/2-1/2"]
[WhiteElo "2445"]
[BlackElo "2577"]
[PlyCount "83"]
[EventDate "2015.10.03"]
[EventType "swiss"]
[EventRounds "9"]
[EventCountry "IOM"]
[SourceTitle "twic1065-1099"]
[Source "Mark Crowther"]
[SourceDate "2015.12.04"]
[SourceVersion "1"]
[SourceVersionDate "2015.12.04"]
[SourceQuality "1"]

1. e4 c6 2. d4 d5 3. exd5 cxd5 4. c4 Nf6 5. Nc3 Nc6 6. Nf3 Bg4 7. cxd5 Nxd5 8.
Qb3 Bxf3 9. gxf3 e6 10. Qxb7 Nxd4 11. Bb5+ Nxb5 12. Qc6+ Ke7 13. Qxb5 Qd7 14.
Nxd5+ Qxd5 15. Bg5+ f6 16. Qxd5 exd5 17. Be3 Ke6 18. O-O-O Rd8 19. Rd3 Rd7 20.
Re1 Bd6 21. Kb1 Be5 22. f4 Bc7 23. Bxa7+ Kf5 24. Be3 Bxf4 25. Bxf4 Kxf4 26. a4
d4 27. b3 f5 28. Kb2 Ra8 29. Ka3 Rc8 30. Re2 Rc1 31. b4 Ra1+ 32. Kb3 Rb1+ 33.
Rb2 Rxb2+ 34. Kxb2 Ke4 35. Rd2 d3 36. a5 Kd4 37. Kb3 Rc7 38. a6 Rc3+ 39. Ka2
Rc7 40. Kb3 Rc3+ 41. Ka2 Rc7 42. Kb3 1/2-1/2

[Event "PokerStars Masters 2nd"]
[Site "Douglas"]
[Date "2015.10.05"]
[Round "3.15"]
[White "Basso, Pier Luigi"]
[Black "Rambaldi, Francesco"]
[Result "0-1"]
[WhiteElo "2428"]
[BlackElo "2547"]
[PlyCount "66"]
[EventDate "2015.10.03"]
[EventType "swiss"]
[EventRounds "9"]
[EventCountry "IOM"]
[SourceTitle "twic1065-1099"]
[Source "Mark Crowther"]
[SourceDate "2015.12.04"]
[SourceVersion "1"]
[SourceVersionDate "2015.12.04"]
[SourceQuality "1"]

1. d4 Nf6 2. c4 c5 3. d5 b5 4. Qc2 bxc4 5. e4 g6 6. Bxc4 d6 7. Nf3 Bg7 8. O-O
Nbd7 9. h3 O-O 10. Re1 Nb6 11. Bf1 Ne8 12. Nc3 Nc7 13. Bg5 h6 14. Bf4 f5 15. e5
Bb7 16. Rad1 Kh7 17. Bh2 Nbxd5 18. Nxd5 Bxd5 19. Nd2 Ne6 20. exd6 exd6 21. Nc4
Nd4 22. Qc1 Bxc4 23. Qxc4 Qf6 24. Qd5 Rad8 25. Bc4 Rfe8 26. Bf4 Re4 27. Bh2
Ree8 28. Bf4 Re4 29. Bh2 Rxe1+ 30. Rxe1 Nc2 31. Re6 Qxb2 32. Bxd6 Qd4 33. Qxc5
Qxc5 0-1

[Event "PokerStars Masters 2nd"]
[Site "Douglas"]
[Date "2015.10.05"]
[Round "3.16"]
[White "Hillarp Persson, Tiger"]
[Black "Williams, Simon Kim"]
[Result "1-0"]
[WhiteElo "2546"]
[BlackElo "2429"]
[PlyCount "85"]
[EventDate "2015.10.03"]
[EventType "swiss"]
[EventRounds "9"]
[EventCountry "IOM"]
[SourceTitle "twic1065-1099"]
[Source "Mark Crowther"]
[SourceDate "2015.12.04"]
[SourceVersion "1"]
[SourceVersionDate "2015.12.04"]
[SourceQuality "1"]

1. d4 e6 2. e4 d5 3. Nd2 Nf6 4. e5 Nfd7 5. c3 c5 6. Bd3 Nc6 7. Ngf3 g6 8. h4 h6
9. Nf1 Qa5 10. Ke2 b6 11. h5 g5 12. Ne3 cxd4 13. cxd4 Ba6 14. Bxa6 Qxa6+ 15.
Qd3 Qxd3+ 16. Kxd3 f6 17. exf6 Nxf6 18. Bd2 Bd6 19. Nh2 Ne4 20. Be1 Bf8 21. f3
Nd6 22. Nhg4 Bg7 23. Nc2 Rc8 24. Bf2 Kd7 25. Rhe1 Rhe8 26. b3 Nf7 27. Re2 e5
28. Rae1 Re6 29. Kd2 Rce8 30. dxe5 Nfxe5 31. Nd4 Nxd4 32. Bxd4 Nxf3+ 33. gxf3
Bxd4 34. Rxe6 Rxe6 35. Rxe6 Kxe6 36. Nxh6 Ke5 37. Kd3 Bb2 38. Nf7+ Kf6 39. Nd6
Be5 40. Nc8 Bb8 41. Kd4 Kf5 42. Kxd5 Kf4 43. Nd6 1-0

[Event "PokerStars Masters 2nd"]
[Site "Douglas"]
[Date "2015.10.05"]
[Round "3.17"]
[White "Lyell, Mark"]
[Black "Boruchovsky, Avital"]
[Result "0-1"]
[WhiteElo "2285"]
[BlackElo "2536"]
[PlyCount "80"]
[EventDate "2015.10.03"]
[EventType "swiss"]
[EventRounds "9"]
[EventCountry "IOM"]
[SourceTitle "twic1065-1099"]
[Source "Mark Crowther"]
[SourceDate "2015.12.04"]
[SourceVersion "1"]
[SourceVersionDate "2015.12.04"]
[SourceQuality "1"]

1. e4 c5 2. Nc3 d6 3. g3 g6 4. Bg2 Bg7 5. Nge2 Nc6 6. O-O e6 7. d3 Nge7 8. Be3
Nd4 9. Rb1 Nec6 10. Qd2 O-O 11. a3 Rb8 12. b4 b5 13. f4 cxb4 14. axb4 Bb7 15.
Nxd4 Nxd4 16. Nd1 Rc8 17. c3 Nc6 18. f5 Re8 19. d4 Qc7 20. f6 Bh8 21. g4 a5 22.
g5 a4 23. Nf2 Nb8 24. Rfc1 Bc6 25. c4 bxc4 26. Rxc4 Qd7 27. Rbc1 Bb5 28. Rxc8
Rxc8 29. Rxc8+ Qxc8 30. Bf1 Bxf1 31. Kxf1 h6 32. b5 hxg5 33. e5 a3 34. Qc1 Qb7
35. Kg1 a2 36. Nh3 Bxf6 37. exf6 Qxb5 38. Kf2 Nd7 39. Qc8+ Nf8 40. Nxg5 a1=Q
0-1

[Event "PokerStars Masters 2nd"]
[Site "Douglas"]
[Date "2015.10.05"]
[Round "3.19"]
[White "L'Ami, Alina"]
[Black "Fridman, Daniel"]
[Result "1/2-1/2"]
[WhiteElo "2369"]
[BlackElo "2649"]
[PlyCount "64"]
[EventDate "2015.10.03"]
[EventType "swiss"]
[EventRounds "9"]
[EventCountry "IOM"]
[SourceTitle "twic1065-1099"]
[Source "Mark Crowther"]
[SourceDate "2015.12.04"]
[SourceVersion "1"]
[SourceVersionDate "2015.12.04"]
[SourceQuality "1"]

1. d4 Nf6 2. c4 e6 3. Nc3 Bb4 4. Qc2 d6 5. Bd2 O-O 6. a3 Bxc3 7. Bxc3 Nbd7 8.
g3 e5 9. Bg2 Re8 10. Nf3 exd4 11. Nxd4 Ne5 12. b3 a5 13. Bb2 a4 14. b4 c6 15.
O-O d5 16. cxd5 cxd5 17. Nb5 Bg4 18. Bxe5 Rxe5 19. Nd4 Qe8 20. e3 Rc8 21. Qb2
Re7 22. Rfc1 Rec7 23. Rxc7 Rxc7 24. Rc1 Qc8 25. Rxc7 Qxc7 26. Qc2 Qxc2 27. Nxc2
Kf8 28. Kf1 Ke7 29. Ke1 Kd6 30. Nd4 Bd7 31. Bf3 Ne4 32. Bd1 Ke5 1/2-1/2

[Event "PokerStars Masters 2nd"]
[Site "Douglas"]
[Date "2015.10.05"]
[Round "3.20"]
[White "Jackson, James P"]
[Black "Tiviakov, Sergei"]
[Result "0-1"]
[WhiteElo "2368"]
[BlackElo "2612"]
[PlyCount "80"]
[EventDate "2015.10.03"]
[EventType "swiss"]
[EventRounds "9"]
[EventCountry "IOM"]
[SourceTitle "twic1065-1099"]
[Source "Mark Crowther"]
[SourceDate "2015.12.04"]
[SourceVersion "1"]
[SourceVersionDate "2015.12.04"]
[SourceQuality "1"]

1. e4 d5 2. exd5 Qxd5 3. Nc3 Qd6 4. d4 Nf6 5. Nge2 e6 6. Bf4 Qd8 7. Qd3 Be7 8.
O-O-O O-O 9. g4 Nd5 10. Bd2 b6 11. Rg1 Ba6 12. Qh3 Nxc3 13. Bxc3 Nd7 14. d5
Bg5+ 15. f4 Bxe2 16. Bxe2 Bxf4+ 17. Kb1 e5 18. g5 Nc5 19. Bd3 g6 20. Rdf1 Qd7
21. Qxd7 Nxd7 22. h4 Nc5 23. Bb4 Rfd8 24. Bxc5 bxc5 25. Be4 Rab8 26. c3 c4 27.
Kc2 Rd6 28. b3 Ra6 29. Ra1 Rxa2+ 30. Rxa2 cxb3+ 31. Kb2 bxa2+ 32. Kxa2 Kg7 33.
Ka3 h6 34. Rg2 hxg5 35. hxg5 Kf8 36. c4 Be3 37. Ka4 Ke7 38. Rc2 Bc5 39. Rc3 Rb2
40. Bh1 Ra2+ 0-1

[Event "PokerStars Masters 2nd"]
[Site "Douglas"]
[Date "2015.10.05"]
[Round "3.21"]
[White "Shvayger, Yuliya"]
[Black "Illingworth, Max"]
[Result "1/2-1/2"]
[WhiteElo "2368"]
[BlackElo "2517"]
[PlyCount "207"]
[EventDate "2015.10.03"]
[EventType "swiss"]
[EventRounds "9"]
[EventCountry "IOM"]
[SourceTitle "twic1065-1099"]
[Source "Mark Crowther"]
[SourceDate "2015.12.04"]
[SourceVersion "1"]
[SourceVersionDate "2015.12.04"]
[SourceQuality "1"]

1. e4 c5 2. Nf3 d6 3. d4 cxd4 4. Nxd4 Nf6 5. Nc3 a6 6. g3 g6 7. Bg2 Bg7 8. O-O
O-O 9. a4 Nc6 10. Nb3 Bg4 11. Qd2 Qd7 12. f4 Bh3 13. Nd5 Bxg2 14. Qxg2 b5 15.
axb5 Nxd5 16. bxc6 Qa7+ 17. Qf2 Nb4 18. Qxa7 Rxa7 19. Ra4 Rb8 20. Na5 Rc7 21.
c3 Nxc6 22. Rc4 Rbc8 23. Nxc6 Rxc6 24. Rxc6 Rxc6 25. Kf2 f5 26. exf5 gxf5 27.
Be3 Kf7 28. Ra1 Bf6 29. Ke2 e5 30. fxe5 dxe5 31. Ra5 Ke6 32. Kf3 h5 33. Ra4 Kd5
34. Ke2 Bd8 35. Kd3 e4+ 36. Ke2 Bc7 37. Bf4 Bxf4 38. gxf4 Rb6 39. Ke3 Rxb2 40.
c4+ Kc5 41. Ra5+ Kxc4 42. Rxf5 Kb4 43. Rxh5 a5 44. Rh8 a4 45. f5 Ka3 46. f6 Rb7
47. Kxe4 Kb2 48. Kf5 a3 49. Kg6 a2 50. Ra8 a1=Q 51. Rxa1 Kxa1 52. f7 Rb2 53.
f8=Q Rg2+ 54. Kh5 Rxh2+ 55. Kg4 Rd2 56. Kf3 Kb2 57. Qb4+ Kc1 58. Ke3 Rh2 59.
Qc5+ Kb1 60. Qf5+ Kc1 61. Kd3 Rc2 62. Qe4 Kb1 63. Qe1+ Kb2 64. Qb4+ Kc1 65.
Qa3+ Kb1 66. Qb3+ Ka1 67. Qa4+ Ra2 68. Qd1+ Kb2 69. Kc4 Ra6 70. Qe2+ Kc1 71.
Qe1+ Kc2 72. Qf2+ Kd1 73. Kb3 Re6 74. Qf3+ Re2 75. Kc3 Ke1 76. Qh1+ Kf2 77. Kd3
Re3+ 78. Kd4 Rg3 79. Qh2+ Kf3 80. Qh5+ Rg4+ 81. Ke5 Kg3 82. Qh6 Kg2 83. Qd2+
Kf3 84. Kf5 Rg2 85. Qd3+ Kf2 86. Kf4 Ke1 87. Qc3+ Kd1 88. Qa1+ Ke2 89. Qa6+ Ke1
90. Kf3 Rc2 91. Qa5+ Kd1 92. Ke3 Rb2 93. Qa4+ Kc1 94. Kd3 Rb3+ 95. Kc4 Rg3 96.
Qa1+ Kd2 97. Qa5+ Ke2 98. Qf5 Ke3 99. Qe5+ Kf2 100. Kd4 Rf3 101. Qh2+ Ke1 102.
Ke4 Rc3 103. Qg2 Rb3 104. Kd4 1/2-1/2

[Event "PokerStars Masters 2nd"]
[Site "Douglas"]
[Date "2015.10.05"]
[Round "3.22"]
[White "Vishnu, Prasanna V"]
[Black "Arakhamia-Grant, Ketevan"]
[Result "1-0"]
[WhiteElo "2503"]
[BlackElo "2363"]
[PlyCount "83"]
[EventDate "2015.10.03"]
[EventType "swiss"]
[EventRounds "9"]
[EventCountry "IOM"]
[SourceTitle "twic1065-1099"]
[Source "Mark Crowther"]
[SourceDate "2015.12.04"]
[SourceVersion "1"]
[SourceVersionDate "2015.12.04"]
[SourceQuality "1"]

1. e4 c5 2. Nf3 e6 3. d4 cxd4 4. Nxd4 Nc6 5. Nc3 Qc7 6. Be3 a6 7. Qf3 d6 8.
O-O-O Nf6 9. Kb1 Bd7 10. Qg3 Rc8 11. Be2 b5 12. Bxb5 axb5 13. Ndxb5 Qb8 14.
Nxd6+ Bxd6 15. Qxd6 Qxd6 16. Rxd6 Ng4 17. Bb6 Nce5 18. Bd4 Nc6 19. Rd1 Nxd4 20.
R6xd4 Bc6 21. f3 Nf6 22. a4 Ke7 23. b4 Ba8 24. Kb2 e5 25. R4d3 Rc4 26. Kb3 Rhc8
27. R1d2 R4c7 28. Nb5 Rd7 29. Nd6 Rcc7 30. c4 g6 31. b5 Nd5 32. Nxf7 Kxf7 33.
exd5 Rd6 34. Kb4 Ke8 35. c5 Rf6 36. Re3 Rf4+ 37. Re4 Rcf7 38. c6 Rxe4+ 39. fxe4
Rf1 40. d6 Rc1 41. d7+ Kd8 42. Rd6 1-0

[Event "PokerStars Masters 2nd"]
[Site "Douglas"]
[Date "2015.10.05"]
[Round "3.23"]
[White "Hebden, Mark"]
[Black "Berry, Neil"]
[Result "1/2-1/2"]
[WhiteElo "2490"]
[BlackElo "2355"]
[PlyCount "111"]
[EventDate "2015.10.03"]
[EventType "swiss"]
[EventRounds "9"]
[EventCountry "IOM"]
[SourceTitle "twic1065-1099"]
[Source "Mark Crowther"]
[SourceDate "2015.12.04"]
[SourceVersion "1"]
[SourceVersionDate "2015.12.04"]
[SourceQuality "1"]

1. d4 d5 2. Nf3 Nf6 3. c4 e6 4. Bg5 h6 5. Bxf6 Qxf6 6. Nc3 c6 7. Qb3 Nd7 8. Rd1
Be7 9. e4 dxe4 10. Nxe4 Qf4 11. Bd3 e5 12. dxe5 Nxe5 13. Nxe5 Qxe5 14. O-O O-O
15. Rfe1 Bg4 16. f3 Bc8 17. Bb1 Qc7 18. Qd3 g6 19. Nd6 Bxd6 20. Qxd6 Qxd6 21.
Rxd6 Be6 22. c5 Rfd8 23. Red1 Rxd6 24. Rxd6 Re8 25. Kf2 Kf8 26. a3 Ke7 27. Ke3
Bd5 28. Be4 Bxe4 29. fxe4 a5 30. Kd4 Ra8 31. b3 h5 32. Kc4 h4 33. b4 axb4 34.
Kxb4 Rh8 35. Rd2 Rh5 36. Kc4 b5+ 37. cxb6 Rb5 38. a4 Rxb6 39. Kc5 Ra6 40. Ra2
Ke6 41. a5 Ke5 42. Ra4 g5 43. h3 f6 44. Ra2 Kxe4 45. Kd6 f5 46. Kc7 c5 47. Kb7
Rf6 48. a6 c4 49. a7 Rf8 50. a8=Q Rxa8 51. Rxa8 c3 52. Rc8 Kd3 53. Kc6 g4 54.
Kb5 c2 55. Kb4 Kd2 56. Rd8+ 1/2-1/2

[Event "PokerStars Masters 2nd"]
[Site "Douglas"]
[Date "2015.10.05"]
[Round "3.24"]
[White "Vuilleumier, Alexandre"]
[Black "Tarjan, James Edward"]
[Result "0-1"]
[WhiteElo "2345"]
[BlackElo "2479"]
[PlyCount "124"]
[EventDate "2015.10.03"]
[EventType "swiss"]
[EventRounds "9"]
[EventCountry "IOM"]
[SourceTitle "twic1065-1099"]
[Source "Mark Crowther"]
[SourceDate "2015.12.04"]
[SourceVersion "1"]
[SourceVersionDate "2015.12.04"]
[SourceQuality "1"]

1. e4 c6 2. d4 d5 3. e5 c5 4. Nf3 Nc6 5. dxc5 e6 6. Be3 Nh6 7. c3 Nf5 8. Qd2
Bd7 9. Bd3 Nxe3 10. Qxe3 g6 11. O-O Bg7 12. Na3 O-O 13. Nb5 f6 14. exf6 Qxf6
15. Rfe1 Rae8 16. Rad1 Kh8 17. Nd6 Rb8 18. Bb5 b6 19. Rd2 bxc5 20. Qxc5 Rb6 21.
c4 d4 22. Ne4 Qf4 23. Nxd4 Rc8 24. Bxc6 Bxc6 25. Nxe6 Qg4 26. Ng3 Bf6 27. h3
Qh4 28. Re4 Qh6 29. Qe3 Qxe3 30. Rxe3 Bxb2 31. Rb3 Bf6 32. c5 Ra6 33. Ne2 Bxg2
34. Kxg2 Rxe6 35. Rd6 Rxe2 36. Rxf6 Rc7 37. c6 Rc2 38. Ra3 Kg7 39. Rd6 Rf7 40.
Rd7 Rcxf2+ 41. Kg3 Rxd7 42. cxd7 Rd2 43. Rxa7 Kf6 44. a4 Ke7 45. a5 Rd3+ 46.
Kg2 Rd2+ 47. Kf3 Rd3+ 48. Kg2 Rd2+ 49. Kf3 Rd3+ 50. Ke4 Rxh3 51. a6 Ra3 52. Kd5
h5 53. Kc6 h4 54. Kc7 Rc3+ 55. Kb8 Rc6 56. Rc7 Rxa6 57. Kb7 Kd8 58. Rc4 Rd6 59.
Rxh4 Kxd7 60. Rh7+ Ke6 61. Kc7 Rd1 62. Kb6 Rc1 0-1

[Event "PokerStars Masters 2nd"]
[Site "Douglas"]
[Date "2015.10.05"]
[Round "3.25"]
[White "Mannion, Stephen R"]
[Black "Neelotpal, Das"]
[Result "1/2-1/2"]
[WhiteElo "2344"]
[BlackElo "2465"]
[PlyCount "116"]
[EventDate "2015.10.03"]
[EventType "swiss"]
[EventRounds "9"]
[EventCountry "IOM"]
[SourceTitle "twic1065-1099"]
[Source "Mark Crowther"]
[SourceDate "2015.12.04"]
[SourceVersion "1"]
[SourceVersionDate "2015.12.04"]
[SourceQuality "1"]

1. e4 c5 2. Nf3 Nc6 3. d4 cxd4 4. Nxd4 Qb6 5. Nb3 Nf6 6. Nc3 e6 7. Qe2 Bb4 8.
Bd2 O-O 9. a3 Be7 10. O-O-O d5 11. Be3 Qc7 12. exd5 exd5 13. f3 Be6 14. Kb1 a6
15. g4 Rad8 16. Qf2 Rd7 17. Nd4 b5 18. Nce2 b4 19. Nxc6 Qxc6 20. Nd4 Qb7 21. a4
Rc7 22. Bd3 Bd7 23. b3 Re8 24. Nf5 Bxf5 25. gxf5 Nd7 26. Bd4 Bf6 27. Rhg1 Qc6
28. Rg2 Ne5 29. Bf1 Rce7 30. Qg3 g6 31. fxg6 fxg6 32. Rgd2 Nd7 33. Bxf6 Nxf6
34. Qh4 Rb8 35. Qd4 a5 36. Bb5 Qb6 37. Qf4 Rf8 38. Qh4 Kg7 39. Rd4 Qc7 40. R4d2
Re3 41. Rd3 Re5 42. R3d2 Rf5 43. Rd3 Rf7 44. R1d2 Re7 45. Qd4 Rf4 46. Qb2 Kh6
47. c4 dxc4 48. Bxc4 Re1+ 49. Ka2 Qe5 50. Bb5 Qxb2+ 51. Kxb2 Rh1 52. Re2 Rh4
53. Rdd2 Nh5 54. Bc6 Nf4 55. Rf2 Nh3 56. Rg2 Nf4 57. Rgf2 Nh3 58. Rg2 Nf4
1/2-1/2

[Event "PokerStars Masters 2nd"]
[Site "Douglas"]
[Date "2015.10.05"]
[Round "3.26"]
[White "Nakar, Eylon"]
[Black "Tate, Alan"]
[Result "1/2-1/2"]
[WhiteElo "2463"]
[BlackElo "2341"]
[PlyCount "143"]
[EventDate "2015.10.03"]
[EventType "swiss"]
[EventRounds "9"]
[EventCountry "IOM"]
[SourceTitle "twic1065-1099"]
[Source "Mark Crowther"]
[SourceDate "2015.12.04"]
[SourceVersion "1"]
[SourceVersionDate "2015.12.04"]
[SourceQuality "1"]

1. e4 e5 2. Nf3 Nc6 3. Bb5 Nf6 4. d3 Bc5 5. Bxc6 dxc6 6. Nbd2 O-O 7. Nc4 Nd7 8.
O-O Re8 9. Bd2 Bd6 10. Bc3 f6 11. Nh4 Nf8 12. Kh1 Ng6 13. Qh5 Nxh4 14. Qxh4 Be6
15. Ne3 c5 16. a4 Qd7 17. b3 Qf7 18. g4 g5 19. Qg3 h5 20. h4 gxh4 21. Qxh4 hxg4
22. Nxg4 Bxg4 23. Rg1 Kf8 24. Rxg4 Ke7 25. Kg2 Rh8 26. Qg3 Rag8 27. Kf1 Rh1+
28. Ke2 Rxg4 29. Qxg4 Rxa1 30. Bxa1 Qh7 31. Bc3 Qh1 32. Bd2 Qb1 33. Qg7+ Ke6
34. Qg8+ Ke7 35. Qc4 b6 36. Be3 a5 37. Qc3 Kf7 38. Qd2 Kg6 39. Qc1 Qxc1 40.
Bxc1 f5 41. Kf3 Be7 42. Kg3 Kf6 43. Kh4 Kg6+ 44. Kh3 Kf6 45. Bd2 Ke6 46. f3 Bd8
47. Be1 Be7 48. Bh4 Bf8 49. Bd8 Kd7 50. Bg5 Ke6 51. Kh4 c4 52. bxc4 Bc5 53. Bc1
Bd4 54. Kg5 fxe4 55. dxe4 c6 56. Bd2 Kd6 57. Kf5 Kc5 58. c3 Bf2 59. Kxe5 Kxc4
60. Kd6 b5 61. Kxc6 bxa4 62. Bc1 Kxc3 63. e5 Bh4 64. Kb5 Kc2 65. Ba3 Kd3 66.
Bc5 a3 67. Bxa3 Ke3 68. Kxa5 Kxf3 69. Kb6 Ke4 70. Bb2 Kd5 71. Kc7 Bg3 72. Kd7
1/2-1/2

[Event "PokerStars Masters 2nd"]
[Site "Douglas"]
[Date "2015.10.05"]
[Round "3.27"]
[White "Zozulia, Anna"]
[Black "Lampert, Jonas"]
[Result "0-1"]
[WhiteElo "2335"]
[BlackElo "2461"]
[PlyCount "122"]
[EventDate "2015.10.03"]
[EventType "swiss"]
[EventRounds "9"]
[EventCountry "IOM"]
[SourceTitle "twic1065-1099"]
[Source "Mark Crowther"]
[SourceDate "2015.12.04"]
[SourceVersion "1"]
[SourceVersionDate "2015.12.04"]
[SourceQuality "1"]

1. e4 e5 2. Nf3 Nf6 3. Nxe5 d6 4. Nf3 Nxe4 5. Qe2 Qe7 6. d3 Nf6 7. Bg5 Qxe2+ 8.
Bxe2 Be7 9. Nc3 h6 10. Bxf6 Bxf6 11. Nd5 Bd8 12. d4 Nd7 13. O-O-O O-O 14. Rhe1
c6 15. Ne3 Nf6 16. Bd3 Be6 17. Nf5 d5 18. Ng3 Bg4 19. Be2 Ne4 20. Nxe4 dxe4 21.
Ne5 Be6 22. Bf1 Bf5 23. g4 Bh7 24. Bc4 Bg5+ 25. Kb1 Bf4 26. h3 Rad8 27. Bf1 e3
28. fxe3 Bg3 29. Bc4 Bxe1 30. Rxe1 Be4 31. Rf1 Bd5 32. c3 Rfe8 33. Bxd5 cxd5
34. Rf3 Re6 35. Kc2 Rf6 36. Rxf6 gxf6 37. Nd3 Kg7 38. Nf4 f5 39. gxf5 Kf6 40.
Kd3 b5 41. b3 Kg5 42. a4 bxa4 43. bxa4 Kf6 44. Ke2 Kxf5 45. Kf3 Kg5 46. Kg3 Rd6
47. h4+ Kf5 48. Kf3 Ra6 49. Nxd5 Rxa4 50. e4+ Ke6 51. Ke3 Ra1 52. c4 a5 53. Kd2
Rh1 54. c5 Rxh4 55. Nc3 Rg4 56. d5+ Ke5 57. c6 h5 58. c7 Rg8 59. Nb5 h4 60. d6
Ke6 61. e5 h3 0-1

[Event "PokerStars Masters 2nd"]
[Site "Douglas"]
[Date "2015.10.05"]
[Round "3.28"]
[White "Cherniaev, Alexander"]
[Black "Merry, Alan B"]
[Result "0-1"]
[WhiteElo "2458"]
[BlackElo "2335"]
[PlyCount "82"]
[EventDate "2015.10.03"]
[EventType "swiss"]
[EventRounds "9"]
[EventCountry "IOM"]
[SourceTitle "twic1065-1099"]
[Source "Mark Crowther"]
[SourceDate "2015.12.04"]
[SourceVersion "1"]
[SourceVersionDate "2015.12.04"]
[SourceQuality "1"]

1. Nf3 f5 2. c4 g6 3. Nc3 Nf6 4. d4 Bg7 5. g3 O-O 6. Bg2 e6 7. Rb1 Ne4 8. O-O
d5 9. Qc2 c6 10. b4 Nd7 11. cxd5 cxd5 12. Nb5 Nb6 13. Bf4 Bd7 14. Na3 Rc8 15.
Qb2 Rc3 16. b5 Qe7 17. Nc2 Nc4 18. Qb4 Qxb4 19. Nxb4 Na3 20. Rb2 Bxb5 21. Nd3
Rfc8 22. Nfe5 Rc2 23. Rb3 R8c3 24. Ra1 Bf8 25. Bxe4 fxe4 26. Nc5 Bxc5 27. dxc5
Rxa2 28. Rxa2 Rxb3 29. f3 exf3 30. Nxf3 Bc4 31. Rd2 Nb1 32. Rc2 Nc3 33. Nd4
Rb1+ 34. Kg2 Ne4 35. Nxe6 a5 36. Kf3 a4 37. Rxc4 dxc4 38. Kxe4 a3 39. Be5 a2
40. Nd8 Rb3 41. Ba1 c3 0-1

[Event "PokerStars Masters 2nd"]
[Site "Douglas"]
[Date "2015.10.05"]
[Round "3.29"]
[White "Pert, Richard G"]
[Black "Zwahr, Paul"]
[Result "1/2-1/2"]
[WhiteElo "2450"]
[BlackElo "2326"]
[PlyCount "111"]
[EventDate "2015.10.03"]
[EventType "swiss"]
[EventRounds "9"]
[EventCountry "IOM"]
[SourceTitle "twic1065-1099"]
[Source "Mark Crowther"]
[SourceDate "2015.12.04"]
[SourceVersion "1"]
[SourceVersionDate "2015.12.04"]
[SourceQuality "1"]

1. d4 Nf6 2. Nf3 g6 3. Bg5 Bg7 4. Nbd2 c5 5. e3 b6 6. Bd3 Bb7 7. c3 d6 8. Qe2
a6 9. e4 cxd4 10. cxd4 Nc6 11. O-O O-O 12. Rfd1 h6 13. Be3 Ng4 14. Rac1 Nxe3
15. Qxe3 b5 16. e5 Qb6 17. Be4 Rab8 18. Nb3 Nb4 19. Bxb7 Rxb7 20. a3 Nd5 21.
Qe4 e6 22. exd6 Qxd6 23. Ne5 Rb6 24. Nc5 Rd8 25. g3 Qe7 26. b4 Qe8 27. Qf3 Ne7
28. Qe4 Nf5 29. f4 Rbd6 30. Nb3 Rd5 31. Rc7 Rc8 32. Rdc1 Rxc7 33. Rxc7 Qd8 34.
Qc2 Ne7 35. h4 Bxe5 36. fxe5 Kg7 37. g4 h5 38. gxh5 gxh5 39. Ra7 Nc8 40. Ra8
Rxd4 41. Nxd4 Qxd4+ 42. Qf2 Qd7 43. Kh2 Kh6 44. Qg2 Qc7 45. Qg5+ Kh7 46. Qxh5+
Kg7 47. Qg5+ Kh7 48. Qh5+ Kg7 49. Qg4+ Kh6 50. Qf4+ Kh7 51. Qe4+ f5 52. Qe2 Qb7
53. Qg2 Qc7 54. Qe2 Qb7 55. Qg2 Qc7 56. Qe2 1/2-1/2

[Event "PokerStars Masters 2nd"]
[Site "Douglas"]
[Date "2015.10.05"]
[Round "3.30"]
[White "Kobo, Ori"]
[Black "Kolbus, Dietmar"]
[Result "1-0"]
[WhiteElo "2427"]
[BlackElo "2300"]
[PlyCount "83"]
[EventDate "2015.10.03"]
[EventType "swiss"]
[EventRounds "9"]
[EventCountry "IOM"]
[SourceTitle "twic1065-1099"]
[Source "Mark Crowther"]
[SourceDate "2015.12.04"]
[SourceVersion "1"]
[SourceVersionDate "2015.12.04"]
[SourceQuality "1"]

1. e4 e5 2. Nf3 Nf6 3. Nxe5 d6 4. Nf3 Nxe4 5. d4 d5 6. Bd3 Be7 7. O-O O-O 8. c4
Nc6 9. Nc3 Nxc3 10. bxc3 dxc4 11. Bxc4 Bf5 12. Re1 Na5 13. Bd3 Bxd3 14. Qxd3
Bf6 15. Bf4 c6 16. Nd2 b5 17. Qg3 Qd5 18. Be5 Bxe5 19. Rxe5 Qd7 20. Rae1 Rae8
21. Qe3 Rxe5 22. Qxe5 Nb7 23. Qe7 Qc8 24. Ne4 f6 25. Ng3 Rf7 26. Qa3 a5 27. Nf5
c5 28. Ne7+ Rxe7 29. Rxe7 Kf8 30. Re1 b4 31. cxb4 cxb4 32. Qa4 Kf7 33. h3 Qd8
34. Qc6 Nd6 35. Qd5+ Kf8 36. Re6 Nf7 37. Qc5+ Kg8 38. Rc6 Qd7 39. Rc8+ Nd8 40.
Ra8 Kf7 41. Ra7 Nb7 42. Qb6 1-0

[Event "PokerStars Masters 2nd"]
[Site "Douglas"]
[Date "2015.10.05"]
[Round "3.31"]
[White "Duncan, Christopher R"]
[Black "Roberson, Peter T"]
[Result "1/2-1/2"]
[WhiteElo "2334"]
[BlackElo "2423"]
[PlyCount "201"]
[EventDate "2015.10.03"]
[EventType "swiss"]
[EventRounds "9"]
[EventCountry "IOM"]
[SourceTitle "twic1065-1099"]
[Source "Mark Crowther"]
[SourceDate "2015.12.04"]
[SourceVersion "1"]
[SourceVersionDate "2015.12.04"]
[SourceQuality "1"]

1. Nf3 c5 2. c4 Nc6 3. Nc3 g6 4. e3 Nf6 5. d4 cxd4 6. exd4 d5 7. cxd5 Nxd5 8.
Bc4 Nb6 9. Bb3 Bg7 10. O-O O-O 11. h3 Nxd4 12. Nxd4 Qxd4 13. Qe2 Qe5 14. Qf3
Qf6 15. Qe4 Rb8 16. Be3 Be6 17. Bxe6 Qxe6 18. Qxe6 fxe6 19. Bxb6 axb6 20. Rfe1
Bd4 21. Re2 Rbc8 22. Ne4 Rc6 23. Rd1 e5 24. g3 Rfc8 25. Kg2 Rc2 26. Rdd2 Rc1
27. Ng5 R1c6 28. a3 Rd6 29. h4 Kg7 30. Nf3 Kf6 31. Ng5 Kg7 32. f4 Re8 33. Nf3
Red8 34. Rc2 Rc6 35. fxe5 b5 36. Ng5 Rd5 37. Rxc6 bxc6 38. Ne6+ Kf7 39. Nxd4
Rxd4 40. Rc2 Rd5 41. Rxc6 Rd2+ 42. Kf3 Rxb2 43. Rb6 Rb3+ 44. Kf4 Rxa3 45. Rxb5
Ra4+ 46. Kf3 Ke6 47. Rb7 Rd4 48. h5 gxh5 49. Rb6+ Kxe5 50. Rh6 h4 51. gxh4 Rf4+
52. Ke3 Rf7 53. Rh5+ Kf6 54. Ke4 Kg6 55. Rg5+ Kh6 56. Re5 Rf1 57. Rg5 Rh1 58.
Kf3 Rf1+ 59. Ke4 Ra1 60. Ke3 Ra3+ 61. Kf4 Ra8 62. Kf3 Ra6 63. Re5 Rf6+ 64. Kg4
e6 65. Ra5 Kg6 66. Rb5 Rf5 67. Rb8 h5+ 68. Kg3 Kf6 69. Ra8 Rb5 70. Ra3 Rb4 71.
Ra5 Rb3+ 72. Kf4 Rb4+ 73. Kg3 e5 74. Ra8 Rb3+ 75. Kg2 Rb4 76. Kg3 Rg4+ 77. Kh3
Rg7 78. Rb8 e4 79. Rb4 Rg4 80. Rb8 Rg7 81. Rb4 Kf5 82. Rb5+ Kf4 83. Rxh5 e3 84.
Rh8 e2 85. Rf8+ Ke3 86. Re8+ Kf2 87. Rf8+ Kg1 88. Re8 Rg2 89. h5 Kf1 90. Kh4
Rg8 91. Re7 e1=Q+ 92. Rxe1+ Kxe1 93. h6 Ke2 94. Kh5 Kf3 95. h7 Ra8 96. Kh6 Kf4
97. Kg7 Kg5 98. h8=Q Ra7+ 99. Kg8 Ra8+ 100. Kg7 Rxh8 101. Kxh8 1/2-1/2